مذكرات مصطفى النحاس: ربع قرن من السياسة في مصر (1927-1952). 1: 1927-1940. 2: 1941-1952 (Record no. 12366)
[ view plain ]
| 000 -LEADER | |
|---|---|
| fixed length control field | 00888cam#a22002535a#4500 |
| 001 - CONTROL NUMBER | |
| control field | 9610 |
| 003 - CONTROL NUMBER IDENTIFIER | |
| control field | ELIS9610 |
| 005 - DATE AND TIME OF LATEST TRANSACTION | |
| control field | 20150907084800.0 |
| 008 - FIXED-LENGTH DATA ELEMENTS--GENERAL INFORMATION | |
| fixed length control field | t2000#######a####r#####000#0#ara#d |
| 040 ## - CATALOGING SOURCE | |
| Original cataloging agency | مكتبة المعهد الهولندي الفلمنكي |
| Transcribing agency | مكتبة المعهد الهولندي الفلمنكي |
| 100 ## - MAIN ENTRY--PERSONAL NAME | |
| Personal name | مصطفى النحاس |
| 245 1# - TITLE STATEMENT | |
| Title | مذكرات مصطفى النحاس: ربع قرن من السياسة في مصر (1927-1952). 1: 1927-1940. 2: 1941-1952 |
| 260 ## - PUBLICATION, DISTRIBUTION, ETC. (IMPRINT) | |
| Place of publication, distribution, etc. | القاهرة |
| Name of publisher, distributor, etc. | العصور الجديدة |
| Date of publication, distribution, etc. | 2000 |
| 440 ## - SERIES STATEMENT/ADDED ENTRY--TITLE | |
| Title | كتابك |
| 500 ## - GENERAL NOTE | |
| General note | المكتبة |
| 650 ## - SUBJECT ADDED ENTRY--TOPICAL TERM | |
| Topical term or geographic name as entry element | السيرة الذاتية |
| 650 ## - SUBJECT ADDED ENTRY--TOPICAL TERM | |
| Topical term or geographic name as entry element | القرن العشرون |
| 650 ## - SUBJECT ADDED ENTRY--TOPICAL TERM | |
| Topical term or geographic name as entry element | مصر |
| 650 ## - SUBJECT ADDED ENTRY--TOPICAL TERM | |
| Topical term or geographic name as entry element | التاريخ |
| 650 ## - SUBJECT ADDED ENTRY--TOPICAL TERM | |
| Topical term or geographic name as entry element | الأعلام |
| 650 ## - SUBJECT ADDED ENTRY--TOPICAL TERM | |
| Topical term or geographic name as entry element | السياسة |
| 700 ## - ADDED ENTRY--PERSONAL NAME | |
| Personal name | أحمد عز الدين (محقق) |
| 902 ## - LOCAL DATA ELEMENT B, LDB (RLIN) | |
| a | E 1364 I-II |
| Withdrawn status | Lost status | Source of classification or shelving scheme | Damaged status | Not for loan | Home library | Current library | Shelving location | Date acquired | Total Checkouts | Full call number | Barcode | Date last seen | Date last checked out | Price effective from | Koha item type |
|---|---|---|---|---|---|---|---|---|---|---|---|---|---|---|---|
| Dewey Decimal Classification | Netherlands-Flemish Institute in Cairo (NVIC) Library | Netherlands-Flemish Institute in Cairo (NVIC) Library | Main Library - 0.01 | 08/29/2015 | 1 | E 1364 I-II | E 1364 I-II | 07/24/2018 | 07/04/2018 | 08/29/2015 | Books |